[Event "Challenge"]
[Site "http://www.queenalice.com/game.php?id=902251"]
[Date "2011.2.18"]
[Round "-"]
[White "enzoferrari"]
[Black "Lomax"]
[Result "0-1"]
[WhiteElo "2026"]
[BlackElo "1925"]

1. e4 d5 2. exd5 Qxd5 3. Nc3 Qa5 4. Nf3 Nf6 5. h3 Bf5 6. Bb5+ c6 7. Bc4 e6 8.
Nh4 Nbd7 9. Nxf5 Qxf5 10. a3 Bd6 11. d3 O-O 12. Be3 Ne5 13. Bb3 Nd5 14. Nxd5
cxd5 15. O-O Nc6 16. d4 Rac8 17. c3 Ne7 18. Bc2 Qf6 19. Qd3 g6 20. Qb5 Rc7 21.
Rae1 Nf5 22. Qa4 b6 23. Bd2 Rfc8 24. Bd3 Bf8 25. Ba6 Rb8 26. Bf4 Bd6 27. Bd2 b5
28. Qa5 Rc6 29. Bxb5 Rcb6 30. a4 a6 31. Bxa6 Rxb2 32. Rd1 Ra8 33. g4 Qh4 34.
gxf5 Qxh3 35. f4 Qg4+ 36. Kf2 Bxf4 37. Rg1 Bg3+ 38. Rxg3 Qxd1 39. Be2 Qxe2+ 40.
Kxe2 Rxa5 41. fxe6 fxe6 42. Rf3 Rxa4 43. Kd3 Raa2 44. Be3 Kg7 45. Rh3 Rh2 46.
Rf3 Rh1 47. Bd2 Rd1 48. Rf2 h5 49. Rg2 h4 50. Ke3 Raxd2 51. Rxd2 Rxd2 52. Kxd2
h3 0-1

[Event "Challenge"]
[Site "http://www.queenalice.com/game.php?id=902252"]
[Date "2011.2.18"]
[Round "-"]
[White "Samuelfs57"]
[Black "enzoferrari"]
[Result "0-1"]
[WhiteElo "1963"]
[BlackElo "1923"]

1. e4 e5 2. Nf3 Nc6 3. Bb5 f5 4. Bxc6 dxc6 5. exf5 Bxf5 6. O-O e4 7. Qe2 Be7 8.
Ne5 Nf6 9. f3 Qd4+ 10. Kh1 Qxe5 11. Nc3 O-O 12. Re1 Bd6 13. g3 exf3 14. Qxe5
Bxe5 15. Rxe5 Nd7 16. Re3 f2 17. Rf3 Bh3 0-1

[Event "Challenge"]
[Site "http://www.queenalice.com/game.php?id=902274"]
[Date "2011.2.18"]
[Round "-"]
[White "enzoferrari"]
[Black "Samuelfs57"]
[Result "0-1"]
[WhiteElo "1964"]
[BlackElo "1944"]

1. e4 e5 2. Nf3 d6 3. Nc3 Nf6 4. d4 Nbd7 5. d5 a6 6. Be2 Be7 7. O-O O-O 8. Be3
h6 9. Bd3 c6 10. h3 cxd5 11. Nxd5 Nxd5 12. exd5 Nf6 13. c4 Bd7 14. b3 e4 15. Bc2
exf3 16. Qxf3 b5 17. Bd3 Rb8 18. Rfe1 bxc4 19. Bxc4 Bb5 20. Bxb5 Rxb5 21. Bd4
Nh7 22. a4 Rb7 23. Qg3 Bf6 24. Bxf6 Qxf6 25. Rac1 Rfb8 26. Rc6 Rxb3 27. Rxd6
Rxg3 28. Rxf6 Nxf6 29. fxg3 Nxd5 30. Re4 Rb1+ 31. Kf2 Nc3 32. Rc4 Rb2+ 33. Kf1
Nd5 34. Re4 Ra2 35. Kg1 Nc3 36. Re8+ Kh7 37. Ra8 Rxa4 38. Ra7 f6 39. Rc7 Ne2+
40. Kf2 Ra2 41. Re7 Nf4+ 42. Kf3 Nxg2 43. Re2 Rxe2 44. Kxe2 a5 45. Kd2 a4 46.
Kc2 Ne3+ 47. Kb2 Nc4+ 48. Kc3 a3 49. Kb3 f5 50. Ka2 g5 51. Kb3 f4 0-1

[Event "Challenge"]
[Site "http://www.queenalice.com/game.php?id=903023"]
[Date "2011.2.20"]
[Round "-"]
[White "enzoferrari"]
[Black "Omar"]
[Result "1-0"]
[WhiteElo "1967"]
[BlackElo "1686"]

1. e4 e5 2. Nf3 d6 3. d4 exd4 4. Nxd4 h6 5. Bc4 Qe7 6. Bd3 Nf6 7. O-O Nc6 8. Bb5
Bd7 9. Re1 a6 10. Nxc6 Bxc6 11. Bxc6+ bxc6 12. Nc3 Qd8 13. Bf4 Be7 14. e5 dxe5
15. Bxe5 Qxd1 16. Raxd1 O-O 17. Bxc7 Bc5 18. Ne4 Ng4 19. Nxc5 Rae8 20. Rxe8 Rxe8
21. f3 Ne3 22. Re1 f6 23. Bf4 Nd5 24. Rxe8+ Kf7 25. Re4 a5 26. a3 g5 27. Bc7
Nxc7 28. Nb7 Kg7 29. Re7+ Kg6 30. Rxc7 c5 31. Nxa5 c4 32. Nxc4 h5 33. b4 h4 34.
b5 Kf5 35. b6 Kg6 36. b7 Kf5 37. b8=Q Kg6 38. Qg8+ Kf5 39. Rc5+ Kf4 40. Qg6 f5
41. Qxf5# 1-0

[Event "Challenge"]
[Site "http://www.queenalice.com/game.php?id=903932"]
[Date "2011.2.22"]
[Round "-"]
[White "JD"]
[Black "enzoferrari"]
[Result "0-1"]
[WhiteElo "1515"]
[BlackElo "1947"]

1. e4 c6 2. d4 d5 3. e5 Bf5 4. g4 Bd7 5. Bh3 c5 6. Nf3 h5 7. Rg1 Qc8 8. dxc5
hxg4 9. Qxd5 gxh3 10. Ng5 Nh6 11. f4 e6 12. Qb3 Nf5 13. Nxh3 Nd4 14. Qd3 Rxh3
15. Qxd4 Bxc5 16. Qd2 Bxg1 17. Qg2 Rxh2 18. Qxg1 Rxc2 19. Nc3 Rxc3 20. bxc3
Qxc3+ 21. Kf2 Qxa1 22. Qh1 Qxa2+ 23. Kg3 Qb3+ 24. Kg4 Bc6 25. Qh8+ Ke7 26. Qxg7
Qd1+ 27. Kg5 Qg1+ 28. Kh6 Qh2+ 29. Kg5 Qg3+ 30. Kh6 Qh4# 0-1

[Event "Jaguar"]
[Site "http://www.queenalice.com/game.php?id=920867"]
[Date "2011.4.2"]
[Round "-"]
[White "bobifixer"]
[Black "enzoferrari"]
[Result "0-1"]
[WhiteElo "2043"]
[BlackElo "2004"]

1. d4 d5 2. Nf3 Nf6 3. g3 g6 4. Bg2 Bg7 5. O-O O-O 6. c3 Nbd7 7. Nbd2 c5 8. dxc5
Nxc5 9. Nb3 Nce4 10. Nbd4 Ng4 11. Be3 Nxe3 12. fxe3 e5 13. Nc2 Be6 14. Nd2 Nf6
15. Nf3 Qb6 16. Qc1 Ne4 17. Rb1 Qa6 18. Nb4 Qxe2 19. Qe1 Qb5 20. Nd2 Nxd2 21.
Qxd2 Rfd8 22. Qf2 f5 23. Rfd1 e4 24. Rd2 a5 25. Nc2 Bxc3 26. Nd4 Bxd4 27. Rxd4
Rac8 28. Bf1 Qd7 29. b3 Rc7 30. Rbd1 b6 31. Qd2 Qe7 32. Bc4 Rc5 33. Bf1 Rdc8 34.
Qf2 Rc2 35. R1d2 Rxd2 36. Rxd2 h6 37. Qf4 Kh7 38. Qe5 Rc6 39. Rxd5 Qg5 40. Rd8
Qxd8 0-1

[Event "Challenge"]
[Site "http://www.queenalice.com/game.php?id=920943"]
[Date "2011.4.2"]
[Round "-"]
[White "enzoferrari"]
[Black "Omar"]
[Result "1-0"]
[WhiteElo "2002"]
[BlackElo "1675"]

1. d4 d5 2. Nf3 Nc6 3. Nc3 e6 4. e4 dxe4 5. Nxe4 h6 6. Bd3 a6 7. c3 Nf6 8. h3 b5
9. Nxf6+ Qxf6 10. Be4 Bb7 11. Ne5 Rd8 12. Nxc6 Rd6 13. a4 Bxc6 14. Bxc6+ Rxc6
15. axb5 Rb6 16. bxa6 Qd8 17. Qa4+ Ke7 18. a7 Qa8 19. Bf4 Rb7 20. Qc6 Kd8 21.
Bxc7+ Kc8 22. Ba5+ Rc7 23. Qxc7# 1-0

[Event "Challenge"]
[Site "http://www.queenalice.com/game.php?id=924126"]
[Date "2011.4.9"]
[Round "-"]
[White "carlospianista"]
[Black "enzoferrari"]
[Result "0-1"]
[WhiteElo "1958"]
[BlackElo "1987"]

1. d4 d5 2. c4 c6 3. Nc3 Nf6 4. Nf3 e6 5. Bg5 h6 6. Bxf6 Qxf6 7. e3 Nd7 8. Bd3
dxc4 9. Bxc4 g6 10. O-O Qd8 11. a3 Nf6 12. e4 Be7 13. Qc2 Bd7 14. b4 a5 15. b5
Rc8 16. Qb2 Qb6 17. Na4 Qc7 18. b6 Qf4 19. Nc5 Bxc5 20. dxc5 O-O 21. Qc3 Nxe4
22. Qxa5 Qf5 23. Qb4 Qxc5 24. Qb3 Ra8 25. Rfd1 Qxf2+ 26. Kh1 Rfd8 27. Ne5 Qc5
28. Rxd7 Nf2+ 29. Kg1 Nh3+ 30. Kh1 Qg1+ 0-1

[Event "Challenge"]
[Site "http://www.queenalice.com/game.php?id=924248"]
[Date "2011.4.10"]
[Round "-"]
[White "plot24"]
[Black "enzoferrari"]
[Result "0-1"]
[WhiteElo "1939"]
[BlackElo "1972"]

1. e4 e5 2. Nf3 Nf6 3. Bc4 Nxe4 4. O-O d5 5. Bb3 Bg4 6. Nc3 Nxc3 7. dxc3 c6 8.
h3 Bxf3 9. Qxf3 e4 10. Re1 Qd7 11. Qg3 f6 12. f3 Bc5+ 13. Kh1 Bd6 14. Bf4 Bxf4
15. Qxf4 O-O 16. fxe4 Na6 17. exd5 cxd5 18. Rad1 Nc7 19. Kh2 Rad8 20. Qd4 a5 21.
a4 Qc6 22. c4 Ne6 23. cxd5 Qd6+ 24. Kg1 Nxd4 25. Rxd4 Qc5 26. Rd1 Kh8 0-1

[Event "Challenge"]
[Site "http://www.queenalice.com/game.php?id=937747"]
[Date "2011.5.13"]
[Round "-"]
[White "enzoferrari"]
[Black "Omar"]
[Result "1-0"]
[WhiteElo "2000"]
[BlackElo "1652"]

1. d4 d5 2. g3 Nc6 3. Bg2 Nf6 4. Nc3 e6 5. Nf3 h6 6. Bf4 Bd6 7. Bxd6 Qxd6 8. O-O
O-O 9. Nb5 Qe7 10. e3 Ne8 11. a4 a6 12. Nc3 Nf6 13. b3 Nb4 14. Ne5 a5 15. Ne2 b6
16. c3 Na6 17. Nf4 Ne4 18. Qc2 c5 19. Bxe4 dxe4 20. Qxe4 Bb7 21. Qd3 Nc7 22. f3
Rad8 23. Nc4 Ba6 24. Qe4 Nd5 25. Nxd5 Rxd5 26. Nxb6 Rd6 27. dxc5 Bxf1 28. cxd6
Qxd6 29. Qd4 Qxd4 30. exd4 Bh3 31. Nc4 Rc8 32. Rc1 Ra8 33. Kf2 g5 34. g4 f5 35.
Kg3 fxg4 36. fxg4 Bxg4 37. Kxg4 Kg7 38. h4 gxh4 39. Kxh4 Kg6 40. Re1 Ra6 41. Re5
Kf6 42. Nxa5 Kg6 43. Nb7 Rb6 44. Nc5 Kf6 45. Nd7+ 1-0

[Event "Challenge"]
[Site "http://www.queenalice.com/game.php?id=945488"]
[Date "2011.6.2"]
[Round "-"]
[White "mickeymouse"]
[Black "enzoferrari"]
[Result "0-1"]
[WhiteElo "1361"]
[BlackElo "2002"]

1. e4 e5 2. Nf3 Nc6 3. Nc3 Nf6 4. Bb5 a6 5. Bxc6 bxc6 6. Nxe5 Qe7 7. d4 Qb4 8.
O-O Be7 9. a4 c5 10. d5 Nxe4 11. Qd3 Nxc3 12. bxc3 Qb7 13. Qf5 Qxd5 14. c4 Qe6
15. Qe4 Rb8 16. Bb2 O-O 17. Bc1 d6 18. Bf4 Bf6 19. Qc6 dxe5 20. Qxc7 Rb7 21.
Qxc5 exf4 22. Rae1 Qd7 23. a5 Rc7 24. Qb4 Bb7 25. c5 g5 26. f3 Be7 27. Re5 Rfc8
28. Rfe1 Bxc5+ 29. Rxc5 Rxc5 30. g4 Bxf3 31. Rf1 Bxg4 32. c4 Rxc4 33. Qb6 Bh3
34. Rf3 Rc1+ 35. Kf2 R8c2# 0-1

[Event "Challenge"]
[Site "http://www.queenalice.com/game.php?id=949099"]
[Date "2011.6.12"]
[Round "-"]
[White "enzoferrari"]
[Black "Omar"]
[Result "1-0"]
[WhiteElo "2006"]
[BlackElo "1657"]

1. g3 e5 2. Bg2 h6 3. Nc3 c6 4. e4 a6 5. Nf3 d6 6. O-O Be7 7. d3 Nf6 8. Be3 O-O
9. Na4 Ng4 10. Bb6 Qe8 11. Ba5 Nd7 12. Bh3 Bd8 13. Bxd8 Qxd8 14. Bxg4 b5 15. Nc3
Nf6 16. Bxc8 Qxc8 17. a4 Qh3 18. axb5 cxb5 19. Nd5 Nxd5 20. exd5 Qc8 21. b3 b4
22. Nd2 Qc5 23. Nc4 Ra7 24. Ra5 Qc7 25. Qd2 Rb8 26. Rfa1 Qc8 27. Nxd6 Qd7 28.
Rxa6 Rxa6 29. Rxa6 Qd8 30. Qe2 Qe7 31. d4 Qg5 32. dxe5 Qg6 33. e6 fxe6 34. dxe6
Rd8 35. e7 Re8 36. Nxe8 Qxe8 37. Qe4 Kf7 38. Qe6# 1-0

[Event "Challenge"]
[Site "http://www.queenalice.com/game.php?id=949474"]
[Date "2011.6.13"]
[Round "-"]
[White "enzoferrari"]
[Black "mickeymouse"]
[Result "1-0"]
[WhiteElo "2008"]
[BlackElo "1355"]

1. d4 Nf6 2. g3 Nc6 3. Nf3 d5 4. Nc3 g6 5. Bg2 Bg7 6. O-O Bf5 7. Bg5 Nb4 8. Rc1
Ne4 9. Nxe4 Bxe4 10. a3 Nc6 11. c3 O-O 12. b4 Qd7 13. b5 Na5 14. a4 b6 15. Ne5
Qe6 16. Be3 Bxe5 17. dxe5 a6 18. f3 Nc4 19. Bh6 Rfd8 20. fxe4 dxe4 21. Qe1 Qxe5
22. Bf4 Qc5+ 23. Qf2 axb5 24. axb5 f5 25. Qxc5 bxc5 26. Bxc7 Rd2 27. Rfe1 e5 28.
b6 Rd7 29. b7 Re8 30. b8=Q Rxb8 31. Bxb8 Rb7 32. Rb1 Rxb1 33. Rxb1 h5 34. Ba7
Ne3 35. Bxc5 Nd5 36. c4 Nc3 37. Rb8+ Kg7 38. e3 f4 39. gxf4 exf4 40. exf4 Ne2+
41. Kf1 Nxf4 42. Bxe4 h4 43. Bd4+ Kh7 44. Rh8# 1-0

[Event "Challenge"]
[Site "http://www.queenalice.com/game.php?id=952106"]
[Date "2011.6.20"]
[Round "-"]
[White "Dsilver"]
[Black "enzoferrari"]
[Result "0-1"]
[WhiteElo "1731"]
[BlackElo "2022"]

1. e4 e5 2. Bc4 Nf6 3. Nc3 Nxe4 4. Nxe4 d5 5. Qf3 dxc4 6. d3 cxd3 7. cxd3 Nc6 8.
Ng5 f6 9. Ne4 f5 10. Nd2 Nb4 11. Qd1 Qxd3 12. Qa4+ Bd7 13. Qb3 O-O-O 14. Qxd3
Nxd3+ 15. Ke2 Bb5 16. a4 Nxc1+ 17. Kd1 Nb3 18. Ra2 Rxd2+ 19. Ke1 Bc4 20. Nf3
Re2+ 21. Kd1 Bb4 22. a5 Rd8+ 0-1

[Event "Challenge"]
[Site "http://www.queenalice.com/game.php?id=1284473"]
[Date "2014.5.27"]
[Round "-"]
[White "mickeymouse"]
[Black "enzoferrari"]
[Result "0-1"]
[WhiteElo "1372"]
[BlackElo "2010"]

1. e4 e5 2. Nf3 Nc6 3. Bb5 f6 4. d4 exd4 5. Nxd4 Nxd4 6. Qxd4 Bd6 7. O-O Be5 8.
Qd3 c6 9. f4 Bc7 10. Ba4 a5 11. c4 Nh6 12. Qg3 O-O 13. Nc3 f5 14. c5 Qe7 15. Bc2
Qxc5+ 16. Be3 Qb4 17. Bb3+ Kh8 18. e5 d6 19. Ne2 dxe5 20. fxe5 a4 21. Rf4 Qb5
22. Bc4 Qxe5 23. Bd4 Qe7 24. Re1 Re8 25. Bc3 Ng4 26. h3 Qc5+ 27. Nd4 Rxe1+ 28.
Qxe1 Qxc4 29. Nxf5 Qe6 30. Qxe6 Bxe6 31. Bxg7+ Kg8 32. Re4 Bb6+ 33. Kf1 Bxf5 34.
Re7 Ne3+ 35. Kf2 Nd5+ 36. Kf3 Nxe7 37. Bh6 Rd8 38. Bg5 Rd3+ 39. Ke2 Kf7 40. a3
Bd4 41. g4 Be4 42. h4 Bxb2 43. h5 Nd5 44. h6 Kg6 45. Bd2 c5 46. g5 c4 47. Kd1 c3
48. Kc2 Rxd2# 0-1

[Event "Challenge"]
[Site "http://www.queenalice.com/game.php?id=1300808"]
[Date "2014.8.11"]
[Round "-"]
[White "Zugswang"]
[Black "enzoferrari"]
[Result "0-1"]
[WhiteElo "2147"]
[BlackElo "2014"]

1. e4 e6 2. d4 d5 3. Nd2 c5 4. c3 Nc6 5. Ngf3 a6 6. e5 Nge7 7. Bd3 Ng6 8. g3 Qb6
9. Bxg6 hxg6 10. Nb3 cxd4 11. Nbxd4 Bc5 12. O-O Bd7 13. a3 Qc7 14. b4 Ba7 15.
Bb2 Nxe5 16. Nxe5 Qxe5 17. Qf3 Qh5 18. Qg2 e5 19. Rfe1 O-O-O 20. Nb3 Be6 21. Nc5
Bh3 22. Qh1 Bg4 23. h4 Qf5 24. c4 Bxc5 25. bxc5 d4 26. Qe4 f6 27. Qxf5+ gxf5 28.
Bc1 g5 29. f4 gxf4 30. gxf4 e4 31. Rb1 Rxh4 32. Rb6 Rg8 33. Kf2 Bf3 34. Rg1 Rh2+
35. Kf1 Be2+ 36. Ke1 Rxg1+ 37. Kd2 Bxc4# 0-1

[Event "Challenge"]
[Site "http://www.queenalice.com/game.php?id=1357343"]
[Date "2015.5.4"]
[Round "-"]
[White "Magogue"]
[Black "enzoferrari"]
[Result "0-1"]
[WhiteElo "1968"]
[BlackElo "2040"]

1. e4 e5 2. f4 exf4 3. Bc4 Qh4+ 4. Kf1 Nf6 5. Nf3 Qh6 6. Nc3 Bb4 7. Nd5 Nxd5 8.
Bxd5 c6 9. Bb3 d6 10. c3 Ba5 11. d4 Bg4 12. g3 g5 13. e5 Qh3+ 14. Kf2 Bxf3 15.
Qxf3 dxe5 16. dxe5 Bb6+ 17. Ke2 g4 18. Qf1 f3+ 19. Kd3 Qxf1+ 20. Rxf1 Nd7 21.
Bf4 Nc5+ 22. Kc2 Nxb3 23. Kxb3 O-O-O 24. Kc2 h5 25. h4 Rhe8 26. Bg5 Rd7 27. Bf4
Bc7 28. Rae1 Re6 29. a4 Kd8 30. c4 c5 31. b3 Ke7 32. Bg5+ Kf8 33. Bf4 f6 34.
exf6 Rxe1 35. Rxe1 Bxf4 36. gxf4 g3 0-1

[Event "Challenge"]
[Site "http://www.queenalice.com/game.php?id=1357344"]
[Date "2015.5.4"]
[Round "-"]
[White "enzoferrari"]
[Black "Magogue"]
[Result "1/2-1/2"]
[WhiteElo "2043"]
[BlackElo "1957"]

1. e4 e5 2. Nf3 Nc6 3. Bb5 a6 4. Ba4 Nf6 5. O-O Bd6 6. d3 h6 7. c4 O-O 8. Nc3
Re8 9. a3 Na7 10. Be3 c5 11. Qb3 Qc7 12. Rfe1 Ng4 13. Nd5 Qd8 14. Qb6 Qxb6 15.
Nxb6 Rb8 16. Nxd7 Bxd7 17. Bxd7 Red8 18. Bxg4 Nc6 19. b3 a5 20. Kh1 b6 21. Red1
Bc7 22. a4 Nb4 23. Ne1 Nc6 24. Rdc1 Nb4 25. Be2 Nc6 26. Nf3 Nb4 27. Rc3 Nc6 28.
Rcc1 Nb4 29. Rc3 Nc6 30. Rcc1 1/2-1/2